Central africa: crises, reform and reconstruction (Record no. 145)

MARC details
000 -LEADER
fixed length control field 00857nam a2200205 a 4500
008 - FIXED-LENGTH DATA ELEMENTS--GENERAL INFORMATION
fixed length control field 180208s2005 ||||||||||||||||| || u
020 ## - INTERNATIONAL STANDARD BOOK NUMBER
International Standard Book Number 9782869781511
050 ## - LIBRARY OF CONGRESS CALL NUMBER
Classification number HN 809.A8 Cen
100 ## - MAIN ENTRY--PERSONAL NAME
Personal name Fomin, E.S.D
245 10 - TITLE STATEMENT
Title Central africa: crises, reform and reconstruction
Statement of responsibility, etc. Edited By E.S.D Fomin and John W. Forje
260 ## - PUBLICATION, DISTRIBUTION, ETC.
Place of publication, distribution, etc. Dakar:
Name of publisher, distributor, etc. Council for the Development of Social Research in Africa (CODESRIA)
Date of publication, distribution, etc. 2005
300 ## - PHYSICAL DESCRIPTION
Extent ix, 258p.:
350 ## -
-- 3.00
650 ## - SUBJECT ADDED ENTRY--TOPICAL TERM
Topical term or geographic name entry element SOCIAL CONFLICT--AFRICA,CENTRAL
650 #0 - SUBJECT ADDED ENTRY--TOPICAL TERM
Topical term or geographic name entry element AFRICA, CENTRAL--ECONOMIC CONDITIONS--1960-
650 ## - SUBJECT ADDED ENTRY--TOPICAL TERM
Topical term or geographic name entry element NATIONAL BUILDING--AFRICA,CENTRAL
650 ## - SUBJECT ADDED ENTRY--TOPICAL TERM
Topical term or geographic name entry element AFRICA,CENTRAL--POLITICTS AND GOVERNMENT--1960-
700 ## - ADDED ENTRY--PERSONAL NAME
Personal name Forje, John W
995 ## -
-- AMERICAN CORNER
-- 500447
-- CBU-DAG HAMMARSKJOLD INSTITUTE LIBRARY
-- 3.00
-- HN 809.A8 Cen
-- 1
-- AVAILABLE
-- Feb 8, 2018
-- 500447
-- DHIPS Book Collection
999 ## -
-- 145
-- 145
Holdings
Withdrawn status Lost status Source of classification or shelving scheme Damaged status Not for loan Permanent Location Current Location Shelving location Date acquired Total Checkouts Full call number Barcode Date last seen Price effective from Koha item type
          CBU-DAG HAMMARSKJOLD INSTITUTE CBU-DAG HAMMARSKJOLD INSTITUTE   11/28/2022   HN 809.A8 Cen 500447 11/28/2022 11/28/2022 MONOGRAPH